书目信息 |
| 题名: |
张广志论学杂著选辑
|
|
| 作者: | 张广志 著 | |
| 分册: | ||
| 出版信息: | 北京 经济科学出版社 2016 |
|
| 页数: | 568页 | |
| 开本: | 24cm | |
| 丛书名: | ||
| 单 册: | ||
| 中图分类: | K220.7 | |
| 科图分类: | ||
| 主题词: | 中国历史--zhong guo li shi--古代史--文集 | |
| 电子资源: | ||
| ISBN: | 978-7-5141-6826-6 | |
| 000 | 00844nam0 22002291 450 | |
| 001 | 1752541062 | |
| 005 | 20170602161236.0 | |
| 010 | @a978-7-5141-6826-6@dCNY86.00 | |
| 100 | @a20160719d2016 em y0chiy50 ea | |
| 101 | 0 | @achi |
| 102 | @aCN@b110000 | |
| 105 | @ay z 000yy | |
| 106 | @ar | |
| 200 | 1 | @a张广志论学杂著选辑@Azhang guang zhi lun xue za zhu xuan ji@f张广志著 |
| 210 | @a北京@c经济科学出版社@d2016 | |
| 215 | @a568页@d24cm | |
| 330 | @a本书共分四辑,分别为奴隶社会并非人类历史发展必经阶段研究、中国古史传说时代研究、三代及相关古史研究、与毛泽东讨论“对立面的统一性”及“十月革命后民族民主革命的性质及所属阵线”问题。 | |
| 606 | 0 | @a中国历史@Azhong guo li shi@x古代史@j文集 |
| 690 | @aK220.7@v5 | |
| 701 | 0 | @a张广志@Azhang guang zhi@f(1937~)@4著 |
| 801 | 0 | @aCN@bTANG WEI@c20170527 |
| 905 | @b0971178-82@dK220.7@e112@f5 | |
| 张广志论学杂著选辑/张广志著 .-北京:经济科学出版社,2016 |
| 568页;24cm |
| ISBN 978-7-5141-6826-6:CNY86.00 |
| 本书共分四辑,分别为奴隶社会并非人类历史发展必经阶段研究、中国古史传说时代研究、三代及相关古史研究、与毛泽东讨论“对立面的统一性”及“十月革命后民族民主革命的性质及所属阵线”问题。 |
| ● |
| 相关链接 |
|
|
|
|
正题名:张广志论学杂著选辑
索取号:K220.7/112
 
预约/预借
| 序号 | 登录号 | 条形码 | 馆藏地/架位号 | 状态 | 备注 |
| 1 | 0971178 | 209711784 | 第二样本阅览室/ [索取号:K220.7/112] | 在馆 | |
| 2 | 0971179 | 209711793 | 第二借阅区/ [索取号:K220.7/112] | 在馆 | |
| 3 | 0971180 | 209711800 | 第二借阅区/ [索取号:K220.7/112] | 在馆 | |
| 4 | 0971181 | 209711819 | 第二借阅区/ [索取号:K220.7/112] | 在馆 | |
| 5 | 0971182 | 209711828 | 史法系资料室/ [索取号:K220.7/112] | 在馆 |